[Event "Torino op 4th"]
[Site "Torino"]
[Date "2002.09.??"]
[Round "2"]
[White "Brancaleoni, Maurizio"]
[Black "Bonessa, Luca"]
[Result "1-0"]
[WhiteElo "2249"]
[BlackElo "1507"]
[PlyCount "65"]
[EventDate "2002.09.??"]
[EventType "swiss"]
[EventRounds "7"]
[EventCountry "ITA"]
[SourceTitle "EXT 2024"]
[Source "ChessBase"]
[SourceDate "2023.10.10"]
[SourceVersion "1"]
[SourceVersionDate "2023.10.10"]
[SourceQuality "1"]

1. d4 e6 2. Nf3 d5 3. g3 Nc6 4. Bg2 Be7 5. c4 Nf6 6. 0-0 Bd7 7. Nbd2 b6 8. b3 a5 9. a3 0-0 10. Bb2 h6 11. Qc2 Rb8 12. Rfd1 Bc8 13. cxd5 Na7 14. Rac1 exd5 15. Qxc7 Bb7 16. Qxd8 Rfxd8 17. Ne5 Bd6 18. e3 Rbc8 19. Bh3 Rxc1 20. Rxc1 Bxe5 21. dxe5 Ne8 22. Bd4 Nc6 23. Bxb6 Ra8 24. f4 Ra6 25. Bc5 Nd8 26. Bf1 Ra8 27. Bb6 Ne6 28. h4 g6 29. Bd3 N8g7 30. g4 d4 31. Be4 Ra6 32. Bxd4 Bxe4 33. Rc8+ 1-0